PERANG UHUD : (Record no. 203989)

MARC details
000 -LEADER
fixed length control field 01015nam a2200289 i 4500
005 - DATE AND TIME OF LATEST TRANSACTION
control field 20260425115257.0
008 - FIXED-LENGTH DATA ELEMENTS--GENERAL INFORMATION
fixed length control field 260425t20252025my jr 000 0dmay d
020 ## - INTERNATIONAL STANDARD BOOK NUMBER
International Standard Book Number 9786297687766
Terms of availability RM12.00
Qualifying information paperback
040 ## - CATALOGING SOURCE
Original cataloging agency PPAK
Language of cataloging eng
Transcribing agency PPAK
Description conventions rda
082 04 - DEWEY DECIMAL CLASSIFICATION NUMBER
Classification number 297.18
Edition number 23
090 00 - LOCALLY ASSIGNED LC-TYPE CALL NUMBER (OCLC); LOCAL CALL NUMBER (RLIN)
Classification number (OCLC) (R) ; Classification number, CALL (RLIN) (NR) 297.18
Feature heading MKR
Feature heading K
100 0# - MAIN ENTRY--PERSONAL NAME
Personal name MK Riza,
Relator term author.
245 10 - TITLE STATEMENT
Title PERANG UHUD :
Remainder of title UJIAN DAN IBRAH /
Statement of responsibility, etc. PENULIS MK RIZA | EDITOR SEMAK USTAZ ASYRAFF HAFDZAN ; Ilustrasi Zamzani
264 #1 - PRODUCTION, PUBLICATION, DISTRIBUTION, MANUFACTURE, AND COPYRIGHT NOTICE
Place of production, publication, distribution, manufacture Bandar Baru Nilai, Negeri Sembilan :
Name of producer, publisher, distributor, manufacturer BLINK BOOK SDN BHD,
Date of production, publication, distribution, manufacture, or copyright notice 2025
Date of production, publication, distribution, manufacture, or copyright notice ©2025
300 ## - PHYSICAL DESCRIPTION
Extent v, 121 pages ;
Dimensions 19 cm
336 ## - CONTENT TYPE
Content type term text
Source rdacontent
337 ## - MEDIA TYPE
Media type term unmediated
Source rdamedia
338 ## - CARRIER TYPE
Carrier type term volume
Source rdacarrier
504 ## - BIBLIOGRAPHY, ETC. NOTE
Bibliography, etc. note Bibliographical references: page 117.
600 00 - SUBJECT ADDED ENTRY--PERSONAL NAME
Personal name Muhammad, $c Prophet,
Dates associated with a name -632
General subdivision Companions
650 10 - SUBJECT ADDED ENTRY--TOPICAL TERM
Topical term or geographic name entry element Islamic stories, Malay
Topical term or geographic name entry element Historical fiction, Malay
700 0# - ADDED ENTRY--PERSONAL NAME
Personal name Asyraff Hafdzan,
Titles and other words associated with a name Ustaz,
Relator term editor.
Personal name Zamzani,
Relator term illustrator.
942 ## - ADDED ENTRY ELEMENTS (KOHA)
Source of classification or shelving scheme Dewey Decimal Classification
Koha item type Book
Holdings
Withdrawn Not for loan Current library Shelving location Date acquired Total Checkouts Full call number Barcode Date last seen Koha item type
    Perpustakaan Alor Setar Pinjaman Kanak-kanak 27/04/2026   K 297.18 MKR A01913914 27/04/2026 Book
    Perpustakaan Awam Sungai Petani Pinjaman Kanak-kanak 27/04/2026   K 297.18 MKR A01913915 27/04/2026 Book
    Perpustakaan Baling Pinjaman Kanak-kanak 27/04/2026   K 297.18 MKR A01913919 27/04/2026 Book
    Perpustakaan Bandar Baharu Pinjaman Kanak-kanak 27/04/2026   K 297.18 MKR A01913920 27/04/2026 Book
    Perpustakaan Jitra Pinjaman Kanak-kanak 27/04/2026   K 297.18 MKR A01913916 27/04/2026 Book
    Perpustakaan Kuala Nerang Pinjaman Kanak-kanak 27/04/2026   K 297.18 MKR A01913924 27/04/2026 Book
    Perpustakaan Kulim Pinjaman Kanak-kanak 27/04/2026   K 297.18 MKR A01913918 27/04/2026 Book
    Perpustakaan Langkawi Pinjaman Kanak-kanak 27/04/2026   K 297.18 MKR A01913917 27/04/2026 Book
    Perpustakaan Merbok Pinjaman Kanak-kanak 27/04/2026   K 297.18 MKR A01913921 27/04/2026 Book
    Perpustakaan Pendang Pinjaman Kanak-kanak 27/04/2026   K 297.18 MKR A01913925 27/04/2026 Book
    Perpustakaan Sik Pinjaman Kanak-kanak 27/04/2026   K 297.18 MKR A01913923 27/04/2026 Book
    Perpustakaan Yan Pinjaman Kanak-kanak 27/04/2026   K 297.18 MKR A01913922 27/04/2026 Book